000 00244nam a2200097Ia 4500
001 683393
005 20250826161437.0
008 250824s9999 xx 000 0 und d
245 0 _aBENİ BÖYLE SEV
_cFATMA PEKŞEN
260 _bCARPE DİEM YAYINLARI
999 _c683393
_d683393